| 000 | 00687nam a22002297a 4500 | ||
|---|---|---|---|
| 003 | UA-OsUOA | ||
| 001 | 62788 | ||
| 007 | ta | ||
| 008 | 20090910b un ||||| |||| 00| 0 ukr d | ||
| 100 | _aІваненко О. | ||
| 090 |
_a655:002.2 _bІ-18 |
||
| 942 | _cBK | ||
| 040 |
_aUA-OsUOA _bukr _cUA-OsUOA _dUA-OsUOA |
||
| 245 | _aДрукар книжок небачених | ||
| 300 | _a64 с. | ||
| 955 | _a2 | ||
| 041 | _aukr | ||
| 080 | _a655:002.2 | ||
| 260 |
_aК. _c1964 |
||
| 650 | 7 |
_a655 Поліграфічна промисловість. Поліграфічні підприємства. Видавництва. Книжкова торгівля _2UDC |
|
| 999 |
_c348861 _d348861 |
||